Poultry meat hygiene and inspection / (Record no. 5626)
[ view plain ]
| 000 -LEADER | |
|---|---|
| fixed length control field | 01088nam a2200361 a 4500 |
| 001 - CONTROL NUMBER | |
| control field | ocm35555612 |
| 003 - CONTROL NUMBER IDENTIFIER | |
| control field | OCoLC |
| 005 - DATE AND TIME OF LATEST TRANSACTION | |
| control field | 20220425122142.0 |
| 008 - FIXED-LENGTH DATA ELEMENTS--GENERAL INFORMATION | |
| fixed length control field | 960815s1996 enka b 001 0 eng d |
| 010 ## - LIBRARY OF CONGRESS CONTROL NUMBER | |
| LC control number | gb 96066925 |
| 015 ## - NATIONAL BIBLIOGRAPHY NUMBER | |
| National bibliography number | GB96-66925 |
| 020 ## - INTERNATIONAL STANDARD BOOK NUMBER | |
| International Standard Book Number | 0702018937 |
| 035 ## - SYSTEM CONTROL NUMBER | |
| System control number | (OCoLC)35555612 |
| 040 ## - CATALOGING SOURCE | |
| Original cataloging agency | UKM |
| Transcribing agency | ALUPE UNIVERSITY |
| Modifying agency | UOH |
| -- | UOH |
| Language of cataloging | eng |
| 049 ## - LOCAL HOLDINGS (OCLC) | |
| Holding library | UOHA |
| 050 #4 - LIBRARY OF CONGRESS CALL NUMBER | |
| Classification number | TS1975 |
| Item number | .B85 1996 |
| 082 04 - DEWEY DECIMAL CLASSIFICATION NUMBER | |
| Classification number | 664.9397 |
| Edition number | 20 |
| 090 ## - LOCALLY ASSIGNED LC-TYPE CALL NUMBER (OCLC); LOCAL CALL NUMBER (RLIN) | |
| Classification number (OCLC) (R) ; Classification number, CALL (RLIN) (NR) | TS1975 .B85 1996 |
| 100 1# - MAIN ENTRY--PERSONAL NAME | |
| Personal name | Bremner, A. S. |
| 245 10 - TITLE STATEMENT | |
| Title | Poultry meat hygiene and inspection / |
| Statement of responsibility, etc. | Alan Bremner, Mac Johnston. |
| 260 ## - PUBLICATION, DISTRIBUTION, ETC. | |
| Place of publication, distribution, etc. | London : |
| Name of publisher, distributor, etc. | Saunders, |
| Date of publication, distribution, etc. | c1996. |
| 300 ## - PHYSICAL DESCRIPTION | |
| Extent | xii, 272 p. : |
| Other physical details | ill. ; |
| Dimensions | 25 cm. |
| 504 ## - BIBLIOGRAPHY, ETC. NOTE | |
| Bibliography, etc. note | Includes bibliographical references and index. |
| 583 1# - ACTION NOTE | |
| Action | Committed to retain |
| Time/date of action | 20170101 |
| Action interval | 20321231 |
| Authorization | COPPUL SPAN Monograph |
| Institution to which field applies | SSU. |
| 650 #0 - SUBJECT ADDED ENTRY--TOPICAL TERM | |
| Topical term or geographic name entry element | Poultry industry. |
| 650 #0 - SUBJECT ADDED ENTRY--TOPICAL TERM | |
| Topical term or geographic name entry element | Poultry |
| General subdivision | Inspection. |
| 650 #0 - SUBJECT ADDED ENTRY--TOPICAL TERM | |
| Topical term or geographic name entry element | Meat hygiene. |
| 650 #0 - SUBJECT ADDED ENTRY--TOPICAL TERM | |
| Topical term or geographic name entry element | Meat inspection. |
| 700 1# - ADDED ENTRY--PERSONAL NAME | |
| Personal name | Johnston, A. M. |
| Fuller form of name | (Alexander MacKenzie), |
| Dates associated with a name | 1945- |
| 907 ## - LOCAL DATA ELEMENT G, LDG (RLIN) | |
| a | .b20075777 |
| 942 ## - ADDED ENTRY ELEMENTS (KOHA) | |
| Source of classification or shelving scheme | |
| Koha item type | Book |
| Suppress in OPAC | BA |
| Withdrawn status | Lost status | Source of classification or shelving scheme | Damaged status | Not for loan | Permanent Location | Current Location | Shelving location | Date acquired | Source of acquisition | Total Checkouts | Full call number | Barcode | Date last seen | Price effective from | Koha item type | Public note |
|---|---|---|---|---|---|---|---|---|---|---|---|---|---|---|---|---|
| AU LIBRARY | AU LIBRARY | Open Shelf | 25.04.2022 | DONATION FROM MOI UNIVERSITY | TS1975 .B85 1996 | 28003398 | 25.04.2022 | 25.04.2022 | Book | BA |